Historia de la eternidad /

שמור ב:
מידע ביבליוגרפי
מחבר ראשי: Borges, Jorge Luis (autor)
פורמט: ספר
שפה:ספרדית
יצא לאור: Buenos Aires, Argentina : Emecé, 1953, c1953
סדרה:(Obras Completas de Jorge Luis Borges ; 1)
נושאים:
תגים: הוספת תג
אין תגיות, היה/י הראשונ/ה לתייג את הרשומה!

MARC

LEADER 00000nam^a2200000^a^4500
001 000425386
005 20250526000000.0
009 20260310122715.143
037 |a Acervo ITESO - Biblioteca 
041 |a ESP 
082 |a 864.  |b BOR 
100 |a Borges, Jorge Luis  |e (autor) 
240 1 1 |a [Obras completas de Jorge Luis Borges, edición Emecé en volúmenes individuales] 
240 1 1 |a [Historia de la eternidad] 
245 1 0 |a Historia de la eternidad /  |c J.L. Borges. 
264 4 |a Buenos Aires, Argentina :  |b Emecé,  |c 1953, c1953 
300 |a 157 p. ;  |c 18.5 cm. 
336 |a texto  |b txt  |2 rdacontenido 
337 |a sin mediación  |b n  |2 rdamedio 
338 |a volumen  |b nc  |2 rdasoporte 
440 1 |a (Obras Completas de Jorge Luis Borges ;  |v 1) 
545 0 |a El escritor argentino Jorge Luis Borges, nacido en Buenos Aires en 1899 y fallecido en Ginebra, Suiza, en 1986, fue un ávido lector y un precoz autor, cuya primera obra fue publicada por su padre en 1909. La poesía, el ensayo, la especulación filosófica y la narrativa conjuntan un trabajo creativo que en muchos casos diluye las clasificaciones genéricas al uso. A partir de la aparición del volumen de poemas Fervor de Buenos Aires (1923), el argentino creó una extensa obra, considerada como central en la literatura universal del siglo XX. Es autor, entre otros títulos, de: Inquisiciones (1925); Luna de enfrente (1925); Tamaño de mi esperanza (1928); El idioma de los argentinos (1928); Cuaderno San Martín (1929); Evaristo Carriego (1930); Discusión (1932); Historia universal de la infamia (1933-1935); Historia de la eternidad (1936); Ficciones (1944); El aleph (1949), Otras inquisiciones (1952); El hacedor (1960); El otro, el mismo (1964); Para las seis cuerdas (1965); Elogio de la sombra (1969); El informe de Brodie (1970); El oro de los tigres (1972); La rosa profunda (1975); Los conjurados (1975); El libro de arena (1975); La moneda de hierro (1976). 
586 |a Premio Miguel de Cervantes 1979, ex aequo 
649 |a XX 
650 |a Ensayos Argentinos 
650 |a Filosofía y Literatura 
650 |a Literatura -  |x Historia y Crítica 
650 |a Literatura Argentina -  |y Siglo XX 
650 |a Metáfora 
650 |a Traducción e Interpretación 
650 |a Eternidad 
650 |a Tiempo en la Literatura 
650 |a Tiempo (Concepto) 
650 |a Historia -  |x Filosofía 
910 |a Fondo Alfonso de Alba Martín 
920 |a Impresos - Libros 
930 |a Libros Antiguos y Raros 
940 |a Literatura 
905 |a 125 
901 |a 0500341075  |b IT2  |c LRA  |i D96806  |u 20250526 
902 |a https://opac.biblio.iteso.mx/vufind/Record/000425386